Statistics for Alton Towers Rollercoasters

Click here to take the quiz!

General Stats

  • This quiz has been taken 113 times
  • The average score is 7 of 8

Answer Stats

HintAnswer% Correct
NNemesis
95%
SSmiler
93%
OOblivion
92%
RRita
90%
WWicker man
87%
GGalactica
84%
TThirteen
82%
SSpinball whizzer
64%

Score Distribution

Percentile by Number Answered

Percent of People with Each Score

Your Score History

You have not taken this quiz